000 00422nam a2200181Ia 4500
001 9805
005 20260306161745.0
008 260306t2006||||xx |||||||||||||| ||spa||
041 _aESP
082 _a462
_bA98
100 _aAzanar Royo, José Ignacio
_eAUT
245 0 _aEtimologías grecolatínas
260 _c2006
300 _a224 páginas :
_ccm.
650 _aGEN
654 _aCHU
942 _cLIB
_dJUS
_fJUS
_2ddc
_n
999 _c9805
_d9805